<?xml version="1.0" encoding="UTF-8"?>
<record
    xmlns:xsi="http://www.w3.org/2001/XMLSchema-instance"
    xsi:schemaLocation="http://www.loc.gov/MARC21/slim http://www.loc.gov/standards/marcxml/schema/MARC21slim.xsd"
    xmlns="http://www.loc.gov/MARC21/slim">

  <leader>00830naa a22001691i 4500</leader>
  <controlfield tag="003">KOSZ 005</controlfield>
  <controlfield tag="005">20180220150445.0</controlfield>
  <controlfield tag="008">171124s2010    pl ||||| |||| 10| 0 pol d</controlfield>
  <datafield tag="040" ind1=" " ind2=" ">
    <subfield code="c">KOSZ 005/ac</subfield>
  </datafield>
  <datafield tag="100" ind1="1" ind2=" ">
    <subfield code="a">S&#x141;OWIK, Adam.</subfield>
    <subfield code="d">2005 - .</subfield>
    <subfield code="b">Politechnika Koszali&#x144;ska - Wydzia&#x142; Elektroniki i Informatyki,</subfield>
    <subfield code="c">Katedra In&#x17C;ynierii Komputerowej</subfield>
  </datafield>
  <datafield tag="245" ind1="1" ind2="0">
    <subfield code="a">Ewolucyjne projektowanie filtr&#xF3;w cyfrowych o nietypowych charakterystykach i sko&#x144;czonej d&#x142;ugosci s&#x142;owa bitowego /</subfield>
    <subfield code="c">Adam S&#x142;owik.</subfield>
  </datafield>
  <datafield tag="500" ind1=" " ind2=" ">
    <subfield code="a">Dane z listy A. S&#x142;owik.</subfield>
  </datafield>
  <datafield tag="655" ind1=" " ind2="4">
    <subfield code="a">Materia&#x142;y konferencyjne.</subfield>
  </datafield>
  <datafield tag="773" ind1="0" ind2=" ">
    <subfield code="i">W :</subfield>
    <subfield code="t">IX Krajowa Konferencja Elektroniki : materia&#x142;y konferencyjne. -</subfield>
    <subfield code="d">Dar&#x142;&#xF3;wko Wschodnie, 2010. -</subfield>
    <subfield code="g">s. 255-261</subfield>
  </datafield>
  <datafield tag="711" ind1="2" ind2="2">
    <subfield code="a">Krajowa Konferencja Elektroniki</subfield>
    <subfield code="n">(9 ;</subfield>
    <subfield code="d">2010 ;</subfield>
    <subfield code="c">Dar&#x142;&#xF3;wko Wschodnie, Polska).</subfield>
    <subfield code="p">KKE'2010</subfield>
  </datafield>
  <datafield tag="942" ind1=" " ind2=" ">
    <subfield code="c">ROZ</subfield>
    <subfield code="2">UKD</subfield>
  </datafield>
  <datafield tag="999" ind1=" " ind2=" ">
    <subfield code="c">8553</subfield>
    <subfield code="d">8553</subfield>
  </datafield>
</record>
